| 000 | 00915nac a22002531u 4500 | ||
|---|---|---|---|
| 010 | _a 91022777 | ||
| 020 | _a0809477270 (trade) | ||
| 020 | _a0809477289 (lib. bdg.) | ||
| 082 | 0 | 0 | _a364 |
| 090 |
_c6176 _d6176 |
||
| 100 | _a20080729 | ||
| 245 | 0 | 0 |
_aCrimes and punishments / _cby the editors of Time-Life Books. |
| 260 |
_aAlexandria, Va. : _bTime-Life Books,c1991. _cc1991. |
||
| 300 |
_a142 p. : _bill. (some col.) ; _c29 cm. |
||
| 440 | 0 | _aLibrary of curious and unusual facts | |
| 500 | _aDistributer: Al-Ahram. | ||
| 504 | _aIncludes bibliographical references (p. 135-138) and index. | ||
| 511 | _aCatalogued By: Mahitab. | ||
| 650 | 0 |
_aCrime _xMiscellanea. |
|
| 650 | 0 |
_aPunishment _xMiscellanea. |
|
| 710 | 2 | _aTime-Life Books. | |
| 942 |
_cBB _k364 |
||
| 999 |
_c6176 _d6176 |
||